00321nam a22001097a 4500082001000000100001500010245006900025260003700094300001900131650003700150700002400187 a621.3 aSyed, Sana aAdaptive Control of Aircraft with Actuator Failures /cSana Syed aIslamabad :bCEME - NUST,c2013. a71 p. ;c30cm. aElectrical Engineering-MS-Thesis aDr. Muhammad Salman